Normal view
MARC view
Entry Meeting Name
001 - CONTROL NUMBER
- control field: 12939
003 - CONTROL NUMBER IDENTIFIER
- control field: OSt
005 - DATE AND TIME OF LATEST TRANSACTION
- control field: 20211105133610.0
008 - FIXED-LENGTH DATA ELEMENTS
- fixed length control field: 211105|| aca||aabn | a|a d
040 ## - CATALOGING SOURCE
- Original cataloging agency: OSt
- Transcribing agency: OSt
111 ## - HEADING--MEETING NAME
- Meeting name or jurisdiction name as entry element: International Astronomical Union Symposium
- Number of part/section/meeting: 49th
- Location of meeting: Argentina
- Date of meeting or treaty signing: 1971 Oct. 18-24
670 ## - SOURCE DATA FOUND
- Source citation: Work cat.: (OSt): International Astronomical Union Symposium 49th Argentina 1971 Oct. 18-24, Wolf-rayet and high temperature stars, 1973